Sondheim Musicals Quiz Stats

 Plays Quiz Updated Feb 7, 2020

     
Support Sporcle.
Go Orange.
Score 0/18 Timer 06:00
1 Play Today
Year Musical % Correct
1987Into the Woods
79.2%
1979Sweeney Todd
76.4%
1957West Side Story
73.7%
1970Company
64%
1973A Little Night Music
58.3%
1984Sunday in the Park with George
58%
1990Assassins
51%
1959Gypsy
50%
1962A Funny Thing Happened on the Way to the Forum
47.2%
Year Musical % Correct
1971Follies
45.4%
1981Merrily We Roll Along
42.2%
1994Passion
38.7%
1974/2004The Frogs
36.4%
1964Anyone Can Whistle
33.7%
1976Pacific Overtures
33.1%
1954/1997Saturday Night
27.6%
1965Do I Hear a Waltz?
23.7%
2008Road Show
14.2%

From the Vault

World Without 'A'

by goc3

Would that just make it the 'Erth'?
Remove Ads.
Support Sporcle.
Get the best of Sporcle when you Go Orange. This ad-free experience offers more features, more stats, and more fun while also helping to support Sporcle. Thank you for becoming a member.

Show Comments

Extras

Top Quizzes Today


Score Distribution

Your Account Isn't Verified!

In order to create a playlist on Sporcle, you need to verify the email address you used during registration. Go to your Sporcle Settings to finish the process.

Report this User

Report this user for behavior that violates our Community Guidelines.

Details: